000 00426nam a22001697a 4500
003 NUST - PNEC
005 20170116180856.0
008 150829b xxu||||| |||| 00| 0 eng d
020 _a8122200974
040 _cLIBRARY
082 _a616.12 JAN
100 _95994
_aJaggi Dr. O.P
245 _aYou can prevent heart attacks
_cDr. O.P. Jaggi
260 _cc.1984
650 _95995
_aHeart attack
_xGeneral
942 _2ddc
_cBK
999 _c64801
_d64801